Né Giulietta né Romeo /

Đã lưu trong:
Chi tiết về thư mục
Tác giả chính: Abeni, Maurizio (musicista) (Nhà soạn nhạc)
Tác giả khác: De Miranda, Francesco (Diễn viên), Pavone, Carolina (Diễn viên), Amato, Andrea (Diễn viên), Invernizzi, Corrado, (1970- ) (Diễn viên), Engleberth, Pia (Diễn viên), Pivetti, Veronica (Diễn viên, Giám đốc), Calabria, Giada (Người viết kịch bản), Emidi, Antonello (Nhiếp ảnh gia), Gra, Giovanna (Biên kịch, Nhà sản xuất)
Định dạng: Slide
Ngôn ngữ:Tiếng Italy
Được phát hành: Campi Bisenzio : CG Entertainment, c2015
Các nhãn: Thêm thẻ
Không có thẻ, Là người đầu tiên thẻ bản ghi này!

MARC

LEADER 00000ngm a22000007i 4500
001 IT\ICCU\TO0\2003114
003 ItRI
005 20260124182841.0
008 171220s2015 it |||||||||||||||k|||||c
024 3 1 |a 8057092019238 
028 4 2 |a PSV21676 
040 |b ita 
041 7 |a ita  |2 ISO-639-2 
082 |a 791.43  |9 CINEMA  |2 21 
130 0 |a Né Giulietta né Romeo <film ; 2015>  |3 IT\ICCU\VIA\0344617 
245 0 0 |a Né Giulietta né Romeo /  |c regia di Veronica Pivetti ; [soggetto Giovanna Gra ; sceneggiatura Giada Calabria ; fotografia: Antonello Emidi ; musiche: Maurizio Abeni ; prodotto da Giovanna Gra ; cast: Andrea Amato, Pia Engleberth, Corrado Invernizzi,... et al.]. 
260 |a Campi Bisenzio :  |b CG Entertainment,  |c c2015 
300 |a 1 DVD-Video (101 min) :  |b color., sonoro ;  |c in contenitore, 19 cm 
500 |a Titolo dal contenitore 
500 |a Film del 2015, produzione Italia 
500 |a Lingue: italiano; sottotitoli: italiano per non udenti 
700 1 |a De Miranda, Francesco  |0 IT\ICCU\CFIV\062145  |4 act 
700 1 |a Pavone, Carolina  |0 IT\ICCU\DDSV\308697  |4 act 
700 1 |a Amato, Andrea  |0 IT\ICCU\LO1V\369823  |4 act 
700 1 |a Invernizzi, Corrado,  |d  (1970- )  |0 IT\ICCU\MILV\234919  |4 act 
700 1 |a Abeni, Maurizio  |c  (musicista)  |0 IT\ICCU\MILV\336481  |4 cmp 
700 1 |a Engleberth, Pia  |0 IT\ICCU\MODV\654687  |4 act 
700 1 |a Pivetti, Veronica  |0 IT\ICCU\RAVV\105133  |4 act 
700 1 |a Pivetti, Veronica  |0 IT\ICCU\RAVV\105133  |4 drt 
700 1 |a Calabria, Giada  |0 IT\ICCU\RAVV\575263  |4 sce 
700 1 |a Emidi, Antonello  |0 IT\ICCU\RAVV\585523  |4 pht 
700 1 |a Gra, Giovanna  |0 IT\ICCU\RMRV\021914  |4 aus 
700 1 |a Gra, Giovanna  |0 IT\ICCU\RMRV\021914  |4 pro 
710 2 |a Lucky Red  |0 IT\ICCU\NAPV\131922  |4 pbl 
791 2 |a Lucky Red Home Video  |3 IT\ICCU\MODV\664425  |z Lucky Red 
791 2 |a Luckyred  |3 IT\ICCU\MODV\666674  |z Lucky Red 
942 |2 ddc  |c VM  |n 0 
952 |0 0  |1 0  |4 0  |6 VO_2378_000000000000000  |7 0  |9 26965  |a BO  |b BO  |d 2026-01-24  |i 19175  |l 0  |o VO 2378  |p BO19175  |r 2026-01-24 18:28:41  |w 2026-01-24  |x [Sebina 5] [1 dvd]  |y VM  |z 1 dvd 
999 |c 22813  |d 22813